[Event "Francophonie-ch 9th"]
[Site "Yamoussoukro"]
[Date "2023.07.03"]
[Round "2"]
[White "Abderrahim Taleb, Mohamed"]
[Black "Onuoha, Wilson"]
[Result "1-0"]
[WhiteElo "2126"]
[BlackElo "1777"]
[PlyCount "61"]
[EventDate "2023.07.02"]
[EventType "swiss"]
[EventRounds "9"]
[EventCountry "IVO"]
[SourceTitle "CBM 215 Extra"]
[Source "ChessBase"]
[SourceDate "2023.09.30"]
[SourceVersion "1"]
[SourceVersionDate "2023.09.30"]
[SourceQuality "1"]

1. e4 c6 2. d4 d5 3. exd5 cxd5 4. Bd3 Nc6 5. c3 Nf6 6. Bf4 Qb6 7. Qb3 Qxb3 8. axb3 Bg4 9. Nd2 e6 10. Ngf3 Nd7 11. 0-0 Be7 12. Rfe1 0-0 13. b4 Bf6 14. b5 Ne7 15. h3 Bh5 16. g4 Bg6 17. Bf1 Nc8 18. Nb3 b6 19. Nfd2 Be7 20. c4 dxc4 21. Bg2 Bd6 22. Nxc4 Bxf4 23. Bxa8 Bd3 24. Nbd2 Bxd2 25. Nxd2 Bxb5 26. d5 Nc5 27. Bc6 Bxc6 28. dxc6 Ne7 29. c7 Rc8 30. Rxa7 Nd5 31. Rea1 1-0

[Event "Francophonie-chT Rapid"]
[Site "Tornelo INT"]
[Date "2022.06.05"]
[Round "10.1"]
[White "Abderrahim Taleb, Mohamed"]
[Black "Sambuev, Bator"]
[Result "0-1"]
[WhiteElo "2084"]
[BlackElo "2497"]
[PlyCount "90"]
[EventDate "2022.06.04"]
[EventType "team-swiss (rapid)"]
[EventRounds "11"]
[EventCountry "FRA"]
[SourceTitle "CBM 208 Extra"]
[Source "ChessBase"]
[SourceDate "2022.07.31"]
[SourceVersion "1"]
[SourceVersionDate "2022.07.31"]
[SourceQuality "1"]
[WhiteTeam "Mauritania"]
[BlackTeam "Quebec"]
[WhiteTeamCountry "MAU"]
[BlackTeamCountry "CAN"]

1. e4 e6 2. d4 d5 3. Nd2 c5 4. dxc5 Bxc5 5. Bd3 Nc6 6. Ngf3 Nb4 7. 0-0 Nxd3 8. cxd3 Ne7 9. Nb3 Bb6 10. e5 0-0 11. Nbd4 f6 12. exf6 gxf6 13. Ne2 e5 14. Ng3 Ng6 15. h4 Bg4 16. h5 Nh4 17. Bh6 Re8 18. Rc1 Qd7 19. Kh2 Kh8 20. Nxh4 Bxd1 21. Rcxd1 Rg8 22. Nhf5 Rac8 23. f4 Bc7 24. fxe5 Bxe5 25. Bf4 Bxf4 26. Rxf4 Rg5 27. Re1 Re8 28. Ref1 Reg8 29. Re1 Qc7 30. Ref1 Rg4 31. R4f3 R8g5 32. Kh3 Qe5 33. Re3 Rxg3+ 34. Rxg3 Rxf5 35. Rxf5 Qxf5+ 36. Kh4 Qf4+ 37. Kh3 Qe5 38. Kh4 Qxb2 39. Rf3 Kg7 40. Rg3+ Kf7 41. h6 Qf2 42. Kh3 Qf5+ 43. Kh4 Qf4+ 44. Kh5 Qxg3 45. d4 Qg5# 0-1

[Event "Online Olym Div3 D"]
[Site "Chess.com INT"]
[Date "2020.08.09"]
[Round "9.4"]
[White "Abderrahim Taleb, Mohamed"]
[Black "Farisse, Joao"]
[Result "0-1"]
[WhiteElo "1811"]
[BlackElo "1574"]
[PlyCount "56"]
[EventDate "2020.08.07"]
[EventType "team-tourn (rapid)"]
[EventRounds "9"]
[EventCountry "USA"]
[SourceTitle "CBM 198"]
[Source "ChessBase"]
[SourceDate "2020.10.31"]
[SourceVersion "1"]
[SourceVersionDate "2020.10.31"]
[SourceQuality "1"]
[WhiteTeam "Mauritania"]
[BlackTeam "Mozambique"]
[WhiteTeamCountry "MAU"]
[BlackTeamCountry "MOZ"]

1. e4 e5 2. Nf3 d6 3. d4 exd4 4. Nxd4 Nf6 5. Nc3 a6 6. a4 Be7 7. Be2 h6 8. 0-0 0-0 9. Be3 Nbd7 10. f4 Nc5 11. Bf3 Re8 12. b4 Ne6 13. Nxe6 Bxe6 14. e5 dxe5 15. fxe5 Bxb4 16. exf6 Bxc3 17. fxg7 Qxd1 18. Raxd1 Bc4 19. Bxh6 Bxf1 20. Kxf1 Rad8 21. Rb1 b6 22. Be2 a5 23. Rb3 Be5 24. h4 Rd6 25. Bg5 Bf6 26. Bf4 Rde6 27. Bc4 Re4 28. Bb5 Rxf4+ 0-1

[Event "Online Olym Base C"]
[Site "Chess.com INT"]
[Date "2020.07.27"]
[Round "7.1"]
[White "Elier, Ali"]
[Black "Abderrahim Taleb, Mohamed"]
[Result "1-0"]
[WhiteElo "2037"]
[BlackElo "1811"]
[PlyCount "71"]
[EventDate "2020.07.25"]
[EventType "team-tourn (rapid)"]
[EventRounds "9"]
[EventCountry "USA"]
[SourceTitle "CBM 198"]
[Source "ChessBase"]
[SourceDate "2020.10.31"]
[SourceVersion "1"]
[SourceVersionDate "2020.10.31"]
[SourceQuality "1"]
[WhiteTeam "Libya"]
[BlackTeam "Mauritania"]
[WhiteTeamCountry "LBY"]
[BlackTeamCountry "MAU"]

1. e4 c5 2. d4 cxd4 3. c3 dxc3 4. Nxc3 g6 5. Nf3 Bg7 6. Bc4 e6 7. Nb5 Ne7 8. Nd6+ Kf8 9. Ng5 Qb6 10. 0-0 f6 11. Be3 Qc7 12. Ngf7 Rg8 13. Rc1 Nbc6 14. Nh6 Rh8 15. b4 a6 16. a4 b5 17. axb5 axb5 18. Bxb5 Rb8 19. Nhf7 Rg8 20. e5 fxe5 21. Nh6 Nd5 22. Bc5 Nce7 23. Qf3+ Nf4 24. Nxg8 Kxg8 25. g3 Nh3+ 26. Kh1 Ng5 27. Qg2 Rxb5 28. Nxb5 Qd8 29. Bxe7 Qxe7 30. Rxc8+ Bf8 31. f4 Nf7 32. fxe5 Nxe5 33. Rfxf8+ Kg7 34. Rg8+ Kh6 35. Qh3+ Kg5 36. Qh4+ 1-0

[Event "Oran zt 4.1"]
[Site "Oran"]
[Date "2019.04.26"]
[Round "2"]
[White "Zaibi, Amir"]
[Black "Abderrahim Taleb, Mohamed"]
[Result "1-0"]
[WhiteElo "2395"]
[BlackElo "1726"]
[PlyCount "40"]
[EventDate "2019.04.25"]
[EventType "tourn"]
[EventRounds "9"]
[EventCountry "ALG"]
[SourceTitle "CBM 190 Extra"]
[Source "ChessBase"]
[SourceDate "2019.07.15"]
[SourceVersion "1"]
[SourceVersionDate "2019.07.15"]
[SourceQuality "1"]

1. e4 Nf6 2. Nc3 e5 3. Bc4 Nc6 4. d3 d6 5. f4 Bg4 6. Nf3 Qd7 7. h3 Bxf3 8. Qxf3 0-0-0 9. Be3 g6 10. fxe5 Ne8 11. Qxf7 Qxf7 12. Bxf7 dxe5 13. Nd5 h6 14. Bxg6 Nd6 15. 0-0 Be7 16. Nxe7+ Nxe7 17. Bh5 b6 18. Rf6 c5 19. Raf1 c4 20. Rxh6 Kb8 1-0

[Event "MTN-ch"]
[Site "Nouakchott"]
[Date "2019.03.29"]
[Round "1"]
[White "Abderrahim Taleb, Mohamed"]
[Black "Elvoullany, Moctar Essalem"]
[Result "1-0"]
[WhiteElo "1726"]
[BlackElo "1459"]
[PlyCount "25"]
[EventDate "2019.03.29"]
[EventType "tourn"]
[EventRounds "9"]
[EventCountry "MAU"]
[SourceTitle "CBM 190 Extra"]
[Source "ChessBase"]
[SourceDate "2019.07.15"]
[SourceVersion "1"]
[SourceVersionDate "2019.07.15"]
[SourceQuality "1"]

1. e4 c5 2. Nf3 Nc6 3. d4 cxd4 4. Nxd4 Nf6 5. Nc3 e5 6. Ndb5 d6 7. Bg5 Be6 8. Nd5 Bxd5 9. exd5 Ne7 10. c4 Qa5+ 11. Bd2 Qd8 12. Qa4 Nd7 13. Nxd6# 1-0